Online Catalogue and eLibrary

Religious belief and the will (Record no. 775)

MARC details
000 -LEADER
fixed length control field 00414nam a2200169Ia 4500
005 - DATE AND TIME OF LATEST TRANSACTION
control field 20240716052935.0
008 - FIXED-LENGTH DATA ELEMENTS--GENERAL INFORMATION
fixed length control field 240331s9999 xx 000 0 und d
020 ## - INTERNATIONAL STANDARD BOOK NUMBER
ISBN 0710203993
082 ## - DDC Classification
Class No. 200
Item Number - Author Mark POJ
100 ## - MAIN ENTRY--PERSONAL NAME
Personal name Pojman, L.P
245 #0 - TITLE STATEMENT
Title Religious belief and the will
260 ## - PUBLICATION, DISTRIBUTION, ETC.
Place of publication, distribution, etc. London
Name of publisher, distributor, etc. Routledge & Kegan Paul plc
Date of publication, distribution, etc. 1986
300 ## - PHYSICAL DESCRIPTION
Extent (e.g. Volumes, Pages etc.) xiii, 258 p .,
650 ## - SUBJECT ADDED ENTRY--TOPICAL TERM
Topical term or geographic name entry element Religion
650 ## - SUBJECT ADDED ENTRY--TOPICAL TERM
Topical term or geographic name entry element History
942 ## - Koha item type (Biblio)
Koha item type Books in Stacks (Lending)
Holdings
Lost status Damaged status Collection code Home library Current library Shelving location Date acquired Full call number Accession Number Item type
    Lending WERC Library WERC Library Social Science Cupboard 03/31/2024 200 POJ 1156 Books in Stacks (Lending)

© WERC Library